000 02354cam a22005294i 4500
003 PE-LiUPU
005 20250731165557.0
008 150625s r 000 0 d
020 _a997225061X
035 _a(Sirsi) i9789972250613
040 _aPE-LiUPU
_bspa
_cPE-LiUPU
_erda
049 _aPRUA
082 0 4 _a025.1
_bC76
_221
100 1 _aContreras C. Fortunato,
_eautor.
245 1 0 _aPlaneamiento estratégico en bibliotecas y centros de documentación /
_cFortunato Contreras C. y Julio César Olaya Guerrero.
264 1 _aLima :
_bEds. OSREVI,
_c2005.
300 _a130 páginas :
_bilustraciones ;
_c21 centímetros
336 _atext
_2rdacontent
337 _aunmediated
_2rdamedia
338 _avolume
_2rdacarrier
504 _aIncluye referencias bibliografía.
505 0 _aLas unidades de información como sistema. -Planeamiento estratégico en las unidades de información. -Diagnóstico estratégico-análisis externo e interno de la unidad de información (¿Dónde estamos ahora?). -Direccionamiento estratégico de la unidad de información (¿Donde queremos estar?). -Proyección estratégica (¿Cómo lo vamos a lograr?). -Planes operativos (¿Qué tareas debemos realizar?). -Monitoreo, seguimiento y evaluación del plan (¿Cuál es el nivel de desempeño organizacional?, ¿Cuáles son los logros del proceso?). -Gestión estratégica en las unidades de información.
526 _aSEG44
526 _aSEG26
526 _aP151
526 _aP150
526 _aP149
526 _aP146
526 _aP145
526 _aP126
526 _aP125
526 _aP92
526 _aP75
526 _aP74
526 _aP27
526 _aP15
541 _g015-005991;.
650 0 4 _aAdministración de bibliotecas.
650 0 4 _aCentros de documentación
_xAdministración.
650 0 4 _aPlanificación bibliotecaria.
700 1 _aOlaya Guerrero, Julio César,
_eautor.
942 _2ddc
_cBOOK
949 _a025.1 C76
_wDEWEY
_c1
_i55647
_lCCODEBUL1
_mBUL
_r0
_sY
_tBOOK
_u2015-6-25
_xEDUCACION
_zUNKNOWN
_0COMPRA
_o.STAFF. Colección General
994 _aC0
_bPEPRU
596 _a1
999 _a025.1 C76
_wDEWEY
_c44507
_i55647
_f2021-11-4
_g5
_lCCODEBUL1
_mBUL
_r0
_sY
_tBOOK
_u2015-6-25
_xBIBLIOTECA
_zUNKNOWN
_0COMPRA
_o.STAFF. Colección General
_d44507
980 _81
_gALBERTO SANCHEZ Responsable de Automatización